000 00534nam a2200193Ia 4500
005 20250508164643.0
008 008 250505s9999 xx 000 0 eng d
037 _aTextual
040 _aFEDL
_beng
_cFEDL
041 _aeng
_2eng
084 _a305, ASI
_qFEDL
245 0 _aPeople of India: Himachal Pradesh. Vol 24
245 0 _cANTHROPOLOGICAL SURVEY OF INDIA
260 _aNew Delhi, India
_bManohar
_c1996
300 _axx,715p.
365 _aINR
_b560
942 _cTEXL
_h305, ASI
999 _c1390359
_d1390359